00363nam a2200145Ia 4500003000400000005001700004008004000021040000700061041001200068082001300080100002600093245005000119260004000169300000800209OSt20230524152202.0210210b1977 xxu||||| |||| 00| 0 eng d cAL aEnglish a352 BHOL aBHOGLE (Shantaram K). aLocal government and administration in India. aAurangabadbParimal Prakashanc1977 a329